| 000 | 00567nam a2200181Ia 4500 | ||
|---|---|---|---|
| 008 | 090124s9999 xx 000 0 und d | ||
| 082 | _b106719 | ||
| 100 | _aदातार रा. ह. (रामचंद्र हरि) | ||
| 245 | _a भाईबंद | ||
| 250 | _a1 | ||
| 260 | _c1953 | ||
| 300 | _a144 | ||
| 600 | _aदातार रा. ह. (रामचंद्र हरि) | ||
| 630 | _a भाईबंद | ||
| 700 | _aदातार रा. ह. (रामचंद्र हरि) | ||
| 730 | _a भाईबंद | ||
| 942 | _cBOOK | ||
| 999 |
_c152810 _d152810 |
||